Statistics for Top 10 most important and famous people from Wisconsin and Iowa

Click here to take the quiz!

General Stats

  • This quiz has been taken 28 times
  • The average score is 5 of 10

Answer Stats

HintAnswer% Correct
President from 1929 to 1933Herbert Hoover
82%
Serial killer and sex offender who killed and dismembered seventeen men and boys between 1978 and 1991 in MilwaukeeJeffrey Dahmer
71%
Director of Citizen Kane, two times winner of Academy AwardOrson Welles
65%
Actor famous for his role as Frodo in The Lord of the Rings sagaElijah Wood
47%
Actor famous for his role in Young FrankensteinGene Wilder
47%
Actor famous for his role as Bruce Banner/Hulk in Marvel Cinematic UniverseMark Ruffalo
47%
Female singer, Sweet but Psycho, Kings & QueensAva Max
41%
The greatest American architect of all time, a selection of his work became a UNESCO World Heritage SiteFrank Lloyd Wright
41%
Actor famous for his roles in Stagecoach and The Quiet ManJohn Wayne
29%
Actor famous for his roles in Guess Who's Coming to Dinner and Father of the BrideSpencer Tracy
24%

Score Distribution

Percentile by Number Answered

Percent of People with Each Score

Your Score History

You have not taken this quiz